MDQL
is popping MORE tags! Check the
thread
!
Quizzes
Events
Quiz Creation
Community
Videos
Private Events
Remove Ads
Sign In
Join for FREE
Feedback
Dark Mode
Quiz Categories
Sports
Geography
Music
Movies
Television
Just For Fun
Miscellaneous
History
Literature
Language
Science
Gaming
Entertainment
Religion
Holiday
For Kids
Quiz Lab
Recent
Popular Today
Quiz Kudos Today
Editor Picks
Curator Picks
Quizzes by...
Day
Popularity
Type
Ratings
Length
Year
Community
Subscriptions
Recent Discussions
Orange Saloon
Badges
Playlists
Quests
Create
Leaderboards
Showdown
Live 5
Trivia Bingo
Activity
Puzzle Library
Sporcle Events
Private Events
Virtual Trivia
Globe League
Become a Host
Pub Owners
SporcleCon
Opinionation
Our Games
Videos
Blog
Mobile Apps
Partnerships
Remove Ads and Go Orange
Feedback
Sports
Athletes
MLB
NBA
NHL
NFL
Soccer
Sports Teams
WWE
NCAA
Football
Premier League
Basketball
Baseball
Hockey
Golf
Tennis
Cricket
Rugby
Auto Racing
Olympics
World Cup
Sports
Athletes
MLB
NBA
NHL
NFL
Soccer
Sports Teams
WWE
NCAA
Football
Premier League
Basketball
Baseball
Hockey
Golf
Tennis
Cricket
Rugby
Auto Racing
Olympics
World Cup
Random Quiz
Search Sporcle
×
Curator Pick
Curator Pick
Sports
Sports Teams
Type in answers that appear in a list
Type in answers that appear in a list
Classic
Best Score? Go Orange.
Yahoo Sports All Time Super Bowl Team Stats
Name the Yahoo Sports All Time Super Bowl Team (Players)
By
Moise
4m
26 Questions
438 Plays
438 Plays
438 Plays
Comments
Comments
Give Quiz Kudos
Give Quiz Kudos
-
- Ratings
hide this ad
Replay
Link that replays current quiz
Next Quiz
Link to next quiz in quiz playlist
You Got
0%
They Got
Avg Score
37%
Avg Friend Score
Upgrade to see
Score Distribution
Jump to the score distribution portion of the page
Score
0/26
Timer
04:00
0
Plays Today
Position
Player
% Correct
QB
Joe Montana
94.5%
WR
Jerry Rice
85.2%
RB
Emmitt Smith
83.6%
WR
Lynn Swann
57.8%
RB
Franco Harris
55.9%
Coach
Bill Belichick
55.5%
DL
Joe Greene
48.6%
PK
Adam Vinatieri
47.5%
LB
Ray Lewis
43.8%
DL
Willie Davis
41.6%
S
Ronnie Lott
39.3%
LB
Jack Lambert
38.6%
P
Ray Guy
34.9%
Position
Player
% Correct
RS
Desmond Howard
32.4%
WR
Andre Reed
31.1%
C
Mike Webster
27.9%
DL
Charles Haley
23.1%
CB
Mel Blount
22.8%
OT
Erik Williams
21.7%
TE
Jay Novacek
20.5%
OT
Art Shell
15.8%
S
Jake Scott
15.3%
OG
Gene Upshaw
13%
OG
Russ Grimm
9.6%
DL
Justin Tuck
6.8%
CB
Herb Adderley
5.7%
Quiz Playlist
Details
Report
Send in Message
Add To Playlist
Classic:
Type in answers that appear in a list
Quiz Source
Last Updated: Feb 16, 2017
Curator Pick in
Sports Teams
Quiz Scoreboard
CHALLENGE
Sign Up to Join the Scoreboard
Show All
Scores
Hide
Comments
May contain spoilers
Recently Published
Colored Red Africa Blitz
by spor1
Geography
30s
Find the 'City' Movie
by crazypaving
Movies
60s
5x2 Blitz: Bands
by SL_Kpop136
Music
30s
More to Explore
Quiz From the Vault
Featured Blog Post
14 Easter Pick-up Lines to Find Eggs With
hide this ad
You Might Also Like...
Tags
Sports Teams Quiz
All Time
Bowl
Player
Super Bowl
team
Yahoo
Yahoo Sports
Today's Top Quizzes in Sports
Browse Sports
hide this ad
Today's Top Quizzes in Sports Teams
Browse Sports Teams
Top Contributed Quizzes in Sports
1
Players with Multiple 50 Home Run Seasons
2
Criteria MLB: Left Handed Sluggers
3
MLB Players with Two .350 Batting Average Seasons
4
Who Hit More Homers?
5
Premier League Clubs since 2000 (minefield)
6
Who Needs Fielders?
7
2020 F1 Drivers Logic Puzzle
8
Les entraîneurs de l'OM et du PSG au 21e siècle
9
Top 10 NHL Goal Scorers of All Time
10
MLB Hall of Famer by Rings
Explore More
Trending Topics
Disney
Marvel
Anime
Crossword
Harry Potter
Kpop
NBA
Soccer
The Office
Country
Pokémon
Song
Puzzle
WWE
NFL
hide this ad
More By:
Moise
Quiz
Plays
Rating
Category
Featured
Created
Movies Bunker
2,234,682
3.69
Movies
Jun 6, 2011
NBA 30,000 Point Club
78,846
4.41
Sports
Dec 5, 2012
The 5 most valuable NBA franchises are...
25,311
1.38
Sports
Jan 25, 2013
NBA Starting 5 All - stats teams
12,472
3.91
Sports
Jan 2, 2014
10 most attacked/destroyed cities in Movie History.
9,503
2.47
Movies
Apr 11, 2011
Go to Creator's Profile
Score Distribution
Quiz Creator Spotlight
Moise
Follow
Send a Message
Quizzes Created
-
Created Quiz Play Count
-
More By This Creator
Popular Quizzes Today
1
Find the 'City' Movie
2
5x2 Blitz: Bands
3
Colored Red Africa Blitz
4
Find the US States - No Outlines Minefield
5
The Countries of the World
6
Find the US States
7
9x9 Crossword: Cartoon Network
8
US States
More Sports Quizzes
NBA: Almost Back-to-Back Championship Wins
Published
Trending Quizzes
Colored Red Europe Blitz I
Colored Red Africa Blitz II
Colored Red Europe Blitz III
Colored Red Europe Blitz II
Colored Red Africa Blitz III
Recently Updated
Champions League XIs: Real Madrid
pecheneg
Largest US Cities 1790-2010
pecheneg
Rides in Walt Disney World
pecheneg
Most Oscar Losses (Acting)
pecheneg
Beyoncé Albums
pecheneg
Leaping Animals
pecheneg
Reality TV Shows (A-Z)
bhenderson79
Rickey Henderson's Hall of Fame Teammates
pecheneg
Champions League XIs: Arsenal
pecheneg
Quick Pick: Celebrities in WWE's Hall of Fame
aduchscher
Trending Topics
Harry Potter
Anime
NBA
Kpop
Marvel
Crossword
Disney
Soccer
Puzzle
Pokémon
Country
The Office
WWE
NFL
Song
Your Account Isn't Verified!
In order to create a playlist on Sporcle, you need to verify the email address you used during registration. Go to your
Sporcle Settings
to finish the process.
Report this User
Report this user for behavior that violates our
Community Guidelines
.
Details:
Send Report
Go to the Sporcle.com Mobile Site →
Comments